000 00699nam a22001937a 4500
999 _c169795
_d169795
005 20191204152336.0
010 _aA-586617
020 _cN.A.
035 _aA-586617
037 _bBPPD
082 _a270
100 _aميتا ممتا پر و ا نہ
245 _aکر بلا کے بعد قا تلا ن حسين کا عبر ت نا ک ا نجا م
_cپر و ا نہ ر د و لو ی
246 _aKarbala ke Baad Qatilan Hussain ka Ibrat Naak Anjam (Urdu)
_bby Parvana Radolvi
260 _aN.Delhi
_bParvana Radolvi
_cN.A.
270 _a165,Houz Rani Malviya Nagar ,
_bN.Delhi
_e110017
_k6452539
300 _a120 ص
_c22 cm(hb)
942 _2ddc
_cUR
_h270
_mپ ر و